History Quiz

Random History or Biography Quiz

Who Am I? Famous People VII Quiz Stats

 Plays Quiz Updated Sep 16, 2019

Support Sporcle.
Go Orange.
Score 0/18 Timer 05:00
16 Plays Today
% Correct
Jayne Mansfield
Hollywood Sex Symbol
92.7%
Chuck Yeager
Broke Sound Barrier
90.6%
Ella Fitzgerald
Queen of Jazz
88.8%
Barbara Walters
Broadcast Journalist
79.5%
Milton Berle
Uncle Milty!
77%
Fred Astaire
Legendary Dancer
76.9%
Johannes Gutenberg
Invented Printing Press
75.2%
James Madison
Shortest US President
74.4%
Jackie Collins
Romance Novelist
73.3%
% Correct
J.D. Salinger
'Catcher In The Rye'
70.9%
Donna Reed
TV & Film Star
63.9%
Galileo Galilei
Astonomer
62.3%
John Tyler
10th US President
61.7%
Abigail Van Buren
'Dear Abby' Columnist
61.5%
Judy Blume
Young Adult Fiction Writer
61.4%
Lucille Ball
Desilu Productions
59%
Martin Van Buren
US Born President
58.3%
Jack Benny
Comedian
44.7%

You're not logged in!

Compare scores with friends on all Sporcle quizzes.
OR
Log In

From the Vault

Taxonomic Ranks

by Derek

Taxonomy is a word that has way too many syllables for our liking. Settle down taxonomy!
Remove Ads.
Support Sporcle.
Get the best of Sporcle when you Go Orange. This ad-free experience offers more features, more stats, and more fun while also helping to support Sporcle. Thank you for becoming a member.

Show Comments

Extras

Top Quizzes Today


Score Distribution

Your Account Isn't Verified!

In order to create a playlist on Sporcle, you need to verify the email address you used during registration. Go to your Sporcle Settings to finish the process.

Report this User

Report this user for behavior that violates our Community Guidelines.

Details: